OPERATIVE OBSTETRICS (Record no. 480732)

MARC details
000 -LEADER
fixed length control field 00350pam a2200157a 44500
008 - FIXED-LENGTH DATA ELEMENTS--GENERAL INFORMATION
fixed length control field 230515b2002 xxu||||| |||| 00| 0 eng d
020 ## - INTERNATIONAL STANDARD BOOK NUMBER
International Standard Book Number 0
041 ## - LANGUAGE CODE
Language code of text/sound track or separate title ENGLISH
082 ## - DEWEY DECIMAL CLASSIFICATION NUMBER
Classification number 618.2 KER
100 ## - MAIN ENTRY--PERSONAL NAME
Personal name KERRS MANRO
245 ## - TITLE STATEMENT
Title OPERATIVE OBSTETRICS
250 ## - EDITION STATEMENT
Edition statement N.D.
260 ## - PUBLICATION, DISTRIBUTION, ETC.
Place of publication, distribution, etc. DELHI
Name of publisher, distributor, etc. ALL INDIA
Date of publication, distribution, etc. 2002
300 ## - PHYSICAL DESCRIPTION
Extent 508
650 ## - SUBJECT ADDED ENTRY--TOPICAL TERM
Topical term or geographic name entry element OBSTETRICS
Holdings
Withdrawn status Lost status Damaged status Not for loan Home library Current library Shelving location Date acquired Source of acquisition Cost, normal purchase price Total Checkouts Total Renewals Full call number Barcode Date due Date last seen Date last checked out Price effective from Koha item type
        College of Ayurved, Pune College of Ayurved, Pune   01/01/1991 NULL 550.00 3 1 618.2 KER ACP-PG-1171 20/06/2026 21/04/2026 21/04/2026 28/06/2023 Book